000 01260cam a22002054a 4500
005 20250605164311.0
008 250528s ||||||||||||||||||||||||d
035 _a22517
040 _aGR-AtMCL
_bgre
_dGR-AtMCL
_eAACR2
245 1 _aΔομικά Υλικά / 10η Έκδοση
250 _a10η
260 _bΠάτρα,
_c2013
300 _a478
505 0 _aΠρόλογος, Περιέχομενα, Εισαγωγή, Δομή των Υλικών, Φυσικές και Μηχανικές Ιδιότητες, Φυσικοί Πόροι, Κόνιες και Κονιάματα, Σκυρόδεμα, Χάλυβας και άλλα Μέταλλα, Ξύλο, Κεραμικά, Τοιχοποίια, Πολυμερή, Βιβλιογραφία.
520 _aΠρόλογος, Περιέχομενα, Εισαγωγή, Δομή των Υλικών, Φυσικές και Μηχανικές Ιδιότητες, Φυσικοί Πόροι, Κόνιες και Κονιάματα, Σκυρόδεμα, Χάλυβας και άλλα Μέταλλα, Ξύλο, Κεραμικά, Τοιχοποίια, Πολυμερή, Βιβλιογραφία.
700 1 _aΤριανταφύλλου Αθανάσιος
_94651
942 _cBK
999 _c7567
_d7567